000
00280nam a22001217a 4500
008
171220b xxu||||| |||| 00| 0 eng d
041
_a
eng
080
_a
658
100
_a
54
101
_a
MEN
245
_a
HOME MANAGEMENT I THEORY AND PRACTICE
_c
GROSS.I.H
942
_2
udc
_c
BK
999
_c
39233
_d
39233